[Event "NATO-ch 27th"]
[Site "Shrivenham"]
[Date "2016.08.25"]
[Round "6"]
[White "Muzas, Kestutis"]
[Black "Tremblay, Mario"]
[Result "1-0"]
[WhiteElo "1645"]
[BlackElo "1684"]
[PlyCount "80"]
[EventDate "2016.08.22"]
[EventType "swiss"]
[EventRounds "7"]
[EventCountry "ENG"]
[SourceTitle "EXT 2018"]
[Source "ChessBase"]
[SourceDate "2017.10.13"]
[SourceVersion "1"]
[SourceVersionDate "2017.10.13"]
[SourceQuality "1"]

1. e4 e5 2. Nf3 Nc6 3. Bb5 f5 4. exf5 e4 5. Qe2 Qe7 6. Bxc6 dxc6 7. Nd4 c5 8. Ne6 Bxe6 9. fxe6 Nf6 10. Nc3 Qxe6 11. d3 0-0-0 12. f3 Bd6 13. Nxe4 Nxe4 14. Qxe4 Qf6 15. 0-0 Rhe8 16. Qg4+ Kb8 17. Bg5 Qe5 18. Bxd8 Qxh2+ 19. Kf2 Rxd8 20. Rae1 Qh6 21. Rh1 Qf6 22. c3 c4 23. d4 c5 24. Re6 Qf7 25. d5 g6 26. Qg5 Qc7 27. Rhe1 a6 28. Re8 Rxe8 29. Rxe8+ Ka7 30. Re6 Bf4 31. Qe7 Bg3+ 32. Kf1 Qa5 33. Rc6 Qxa2 34. Qxc5+ Ka8 35. Rc8+ Bb8 36. Qc7 Qb1+ 37. Kf2 Qxb2+ 38. Kg3 Ka7 39. Qxb8+ Kb6 40. Qc7+ Ka7 1-0

[Event "NATO-ch 27th"]
[Site "Shrivenham"]
[Date "2016.08.25"]
[Round "5"]
[White "Tremblay, Mario"]
[Black "Noviks, Maris"]
[Result "0-1"]
[WhiteElo "1684"]
[BlackElo "1843"]
[PlyCount "64"]
[EventDate "2016.08.22"]
[EventType "swiss"]
[EventRounds "7"]
[EventCountry "ENG"]
[SourceTitle "EXT 2018"]
[Source "ChessBase"]
[SourceDate "2017.10.13"]
[SourceVersion "1"]
[SourceVersionDate "2017.10.13"]
[SourceQuality "1"]

1. e4 d5 2. d4 c6 3. e5 e6 4. Bd3 c5 5. c3 Nc6 6. Nf3 Qb6 7. Bc2 Nge7 8. 0-0 Ng6 9. h4 Be7 10. h5 Nf8 11. a4 Bd7 12. dxc5 Bxc5 13. b4 Be7 14. Re1 Rc8 15. Bg5 Qd8 16. Bxe7 Nxe7 17. Qd4 Rc4 18. Qxa7 g6 19. Qxb7 Nf5 20. b5 Bc8 21. Qa7 Nd7 22. Bxf5 gxf5 23. a5 Rg8 24. Nd4 Qg5 25. g3 f4 26. Ne2 Nxe5 27. Nd2 Qh4 28. Nxc4 Nf3+ 29. Kg2 Nxe1+ 30. Rxe1 f3+ 31. Kg1 Qxc4 32. Nf4 Qxf4 0-1

[Event "Quebec op U1700"]
[Site "Montreal"]
[Date "2016.07.25"]
[Round "4.64"]
[White "Moreau, Michel"]
[Black "Tremblay, Mario"]
[Result "1-0"]
[WhiteElo "1428"]
[BlackElo "1631"]
[PlyCount "79"]
[EventDate "2016.07.23"]
[EventType "swiss"]
[EventRounds "8"]
[EventCountry "CAN"]
[SourceTitle "EXT 2022"]
[Source "ChessBase"]
[SourceDate "2021.10.06"]
[SourceVersion "1"]
[SourceVersionDate "2021.10.06"]
[SourceQuality "1"]

1. d4 d5 2. Bf4 c5 3. c3 Nc6 4. e3 Nf6 5. Nd2 Bf5 6. Ngf3 e6 7. h3 a6 8. Nh4 Bg6 9. Nxg6 hxg6 10. Bd3 c4 11. Bc2 Bd6 12. Bxd6 Qxd6 13. 0-0 b5 14. e4 dxe4 15. Nxe4 Nxe4 16. Bxe4 0-0-0 17. Qf3 Ne7 18. Qxf7 Rdf8 19. Qxg7 Rfg8 20. Qe5 Qxe5 21. dxe5 g5 22. Bf3 Ng6 23. Bg4 Nf4 24. Rad1 Rd8 25. Rxd8+ Rxd8 26. Rd1 Rxd1+ 27. Bxd1 Nd3 28. b3 Nxe5 29. bxc4 bxc4 30. Kf1 Kc7 31. Bc2 Kd6 32. Ke2 Kc5 33. Ke3 Kd5 34. g3 Nf7 35. f4 gxf4+ 36. Kxf4 Nd6 37. h4 Nb5 38. h5 Nxc3 39. h6 e5+ 40. Ke3 1-0

[Event "Quebec op U1700"]
[Site "Montreal"]
[Date "2016.07.24"]
[Round "3.12"]
[White "Tremblay, Mario"]
[Black "Zheng, Richard"]
[Result "0-1"]
[WhiteElo "1631"]
[BlackElo "1398"]
[PlyCount "90"]
[EventDate "2016.07.23"]
[EventType "swiss"]
[EventRounds "8"]
[EventCountry "CAN"]
[SourceTitle "EXT 2022"]
[Source "ChessBase"]
[SourceDate "2021.10.06"]
[SourceVersion "1"]
[SourceVersionDate "2021.10.06"]
[SourceQuality "1"]

1. e4 e5 2. Nf3 Nc6 3. d4 exd4 4. Bc4 Be7 5. 0-0 d6 6. Nxd4 Nf6 7. Nc3 0-0 8. h3 Nxd4 9. Qxd4 b6 10. Bg5 h6 11. Bh4 Bb7 12. Rad1 Nd7 13. Bxe7 Qxe7 14. f4 Nc5 15. Rde1 Ne6 16. Qe3 c5 17. f5 Nd4 18. f6 Qe5 19. fxg7 Kxg7 20. Bd3 c4 21. Bxc4 Nxc2 22. Qf3 Nxe1 23. Qg4+ Qg5 24. Rxe1 Qxg4 25. hxg4 a6 26. Bd5 Bxd5 27. Nxd5 b5 28. Ne7 Rfd8 29. Rf1 Rd7 30. Nd5 Rad8 31. Rf5 Rc8 32. g5 Rc2 33. gxh6+ Kxh6 34. g4 Rxb2 35. g5+ Kg6 36. Nf4+ Kh7 37. Nd5 Kh8 38. Rf6 Rxa2 39. Rh6+ Kg7 40. Nf6 Rd8 41. Nh5+ Kf8 42. Nf6 Rd2 43. Nd5 Kg7 44. Nf6 b4 45. Rh7+ Kg6 0-1

[Event "Quebec op U1700"]
[Site "Montreal"]
[Date "2016.07.23"]
[Round "1.60"]
[White "Tremblay, Mario"]
[Black "Dion, Yves"]
[Result "1-0"]
[WhiteElo "1631"]
[BlackElo "1431"]
[PlyCount "89"]
[EventDate "2016.07.23"]
[EventType "swiss"]
[EventRounds "8"]
[EventCountry "CAN"]
[SourceTitle "EXT 2022"]
[Source "ChessBase"]
[SourceDate "2021.10.06"]
[SourceVersion "1"]
[SourceVersionDate "2021.10.06"]
[SourceQuality "1"]

1. e4 Nc6 2. d4 e6 3. f4 d5 4. e5 g6 5. Nf3 Nge7 6. Bd3 a6 7. 0-0 Bd7 8. c3 Bg7 9. Nbd2 0-0 10. Ng5 Qe8 11. Ndf3 Bh6 12. Qe1 Kg7 13. Qh4 Rh8 14. f5 exf5 15. Ne6+ fxe6 16. Bxh6+ Kg8 17. g4 b5 18. gxf5 Nxf5 19. Bxf5 exf5 20. Bg5 h6 21. Bf6 Rh7 22. Kh1 Qf7 23. Rg1 Kf8 24. Rg2 g5 25. Qf2 g4 26. Nh4 Ne7 27. Rf1 h5 28. Bxe7+ Kxe7 29. Nxf5+ Bxf5 30. Qxf5 Rf8 31. Qg5+ Kd7 32. Rxf7+ Rhxf7 33. e6+ Kxe6 34. Re2+ Kd7 35. Qxd5+ Kc8 36. Qc6 Rf6 37. Re8+ Rxe8 38. Qxe8+ Kb7 39. Kg2 h4 40. Qe4+ Kb6 41. Qxg4 Rh6 42. Qf4 Rh7 43. Qe4 h3+ 44. Kg3 Rh6 45. Qe3 1-0

[Event "NATO-ch 26th"]
[Site "Amsterdam"]
[Date "2015.07.09"]
[Round "6.51"]
[White "Tremblay, Mario"]
[Black "Reinup, Hannes"]
[Result "0-1"]
[WhiteElo "1679"]
[BlackElo "1433"]
[PlyCount "80"]
[EventDate "2015.07.06"]
[EventType "swiss"]
[EventRounds "7"]
[EventCountry "NED"]
[SourceTitle "EXT 2016"]
[Source "ChessBase"]
[SourceDate "2015.10.08"]
[SourceVersion "1"]
[SourceVersionDate "2015.10.08"]
[SourceQuality "1"]
[WhiteTeam "Canada"]
[BlackTeam "Estonia"]
[WhiteTeamCountry "CAN"]
[BlackTeamCountry "EST"]

1. e4 e6 2. d4 d5 3. e5 Nc6 4. f4 Nge7 5. Nf3 g6 6. Bd3 Bg7 7. 0-0 0-0 8. Kh1 f5 9. exf6 Bxf6 10. c3 Nf5 11. Qe1 a6 12. Nbd2 b5 13. Nb3 b4 14. Nc5 Re8 15. Bd2 bxc3 16. bxc3 Qe7 17. Qe2 Nfxd4 18. cxd4 Nxd4 19. Nxd4 Bxd4 20. Nb3 Bxa1 21. Rxa1 c5 22. Bc2 Bb7 23. Re1 Qd6 24. Qg4 e5 25. fxe5 Rxe5 26. Rxe5 Qxe5 27. Nxc5 Rf8 28. Kg1 Bc8 29. Qd1 Qd4+ 30. Kh1 Qxc5 31. Bb3 Qb5 32. Kg1 Bg4 33. Bxd5+ Qxd5 34. Qxg4 Qxd2 35. Qe6+ Kg7 36. h3 Rf2 37. Qe7+ Rf7 38. Qe6 Ra7 39. Qb6 Qc1+ 40. Kh2 Qc7+ 0-1

[Event "Gatineau Outaouais op U1900"]
[Site "Gatineau"]
[Date "2014.06.??"]
[Round "5"]
[White "Van Dusen, Eric Raymond"]
[Black "Tremblay, Mario"]
[Result "0-1"]
[WhiteElo "1790"]
[BlackElo "1676"]
[PlyCount "80"]
[EventDate "2014.06.??"]
[EventType "swiss"]
[EventRounds "5"]
[EventCountry "CAN"]
[SourceTitle "EXT 2022"]
[Source "ChessBase"]
[SourceDate "2021.10.06"]
[SourceVersion "1"]
[SourceVersionDate "2021.10.06"]
[SourceQuality "1"]

1. d4 d5 2. c4 e6 3. Nc3 c5 4. Nf3 Nc6 5. cxd5 exd5 6. g3 Nf6 7. Bg5 Be7 8. Bg2 0-0 9. 0-0 Bf5 10. Rc1 Re8 11. dxc5 d4 12. Nb5 d3 13. Nc3 Ne4 14. Bxe7 Nxc3 15. Rxc3 Rxe7 16. exd3 Nb4 17. Qb3 Nc6 18. Rd1 Bg4 19. Rf1 Bxf3 20. Bxf3 Nd4 21. Qd1 Qa5 22. a3 Nb5 23. Rc4 Rae8 24. Qa4 Qxa4 25. Rxa4 Rd8 26. Rd1 Nd4 27. Kg2 a6 28. Rb4 Nxf3 29. Kxf3 f6 30. d4 Red7 31. Rc4 Kf7 32. c6 Rc7 33. Rdc1 b6 34. b4 Ke6 35. Ke4 Kd6 36. a4 Re8+ 37. Kd3 Kd5 38. b5 a5 39. f3 Rce7 40. R1c3 Re2 0-1

[Event "IECG Q1.1998.0.00047"]
[Site "IECG email"]
[Date "1998.??.??"]
[Round "?"]
[White "Fedorko, Andrew"]
[Black "Tremblay, Mario"]
[Result "1-0"]
[WhiteElo "1737"]
[BlackElo "1925"]
[PlyCount "67"]
[EventDate "1998.08.14"]
[EventType "tourn (corr)"]
[EventRounds "6"]
[SourceTitle "Corr 2008"]
[Source "ChessBase"]
[SourceDate "2008.06.24"]
[SourceVersion "1"]
[SourceVersionDate "2008.06.24"]
[SourceQuality "1"]

1. e4 Nf6 2. e5 Nd5 3. Na3 d6 4. Nc4 Nc6 5. Nf3 Bg4 6. exd6 cxd6 7. Ne3 Nxe3 8. dxe3 e6 9. Be2 Be7 10. 0-0 0-0 11. c3 f5 12. Qb3 Qd7 13. Rd1 Kh8 14. h3 Bh5 15. Ne5 Qe8 16. Bxh5 Qxh5 17. Nf3 g5 18. Qxe6 g4 19. hxg4 Qxg4 20. Qd5 Rg8 21. g3 Qh3 22. Nd4 Rg5 23. Qg2 Qg4 24. Bd2 Rag8 25. Nxc6 bxc6 26. Qxc6 Qe2 27. Be1 Rxg3+ 28. fxg3 Bg5 29. Qg2 Bxe3+ 30. Bf2 f4 31. Re1 Qxb2 32. Kf1 Qxc3 33. Bxe3 Rxg3 34. Rac1 1-0

[Event "IECG Q1.1998.0.00047"]
[Site "IECG email"]
[Date "1998.??.??"]
[Round "?"]
[White "Tremblay, Mario"]
[Black "Atienza, Hilario"]
[Result "0-1"]
[WhiteElo "1925"]
[BlackElo "1800"]
[PlyCount "42"]
[EventDate "1998.08.14"]
[EventType "tourn (corr)"]
[EventRounds "6"]
[SourceTitle "Corr 2008"]
[Source "ChessBase"]
[SourceDate "2008.06.24"]
[SourceVersion "1"]
[SourceVersionDate "2008.06.24"]
[SourceQuality "1"]

1. e4 e6 2. d4 d5 3. e5 c5 4. c3 Nc6 5. Nf3 Qb6 6. a3 c4 7. Nbd2 Bd7 8. b4 a5 9. Be2 axb4 10. cxb4 Nxd4 11. 0-0 Ba4 12. Nxc4 Nxe2+ 13. Qxe2 dxc4 14. Be3 Qc7 15. Rac1 b5 16. Nd4 Ne7 17. f4 Nd5 18. Bd2 Qb6 19. Qf2 Rd8 20. f5 exf5 21. e6 g6 0-1